Technická príprava a obsluha výroby : Riadenie a projektovanie technického rozvoja /

Gespeichert in:
Bibliographische Detailangaben
1. Verfasser: Molnár, Pavol (Verfasst von)
Format: Buch
Sprache:Slowakisch
Veröffentlicht: Bratislava : SVŠT v Bratislave, 1980
Ausgabe:1.vyd., 1.dotl.
Schlagworte:
Online-Zugang:OBSAH
Tags: Tag hinzufügen
Keine Tags, Fügen Sie das erste Tag hinzu!

MARC

LEADER 00000nam a22000003a 4500
001 stu40488
005 20150617225721.6
008 930506s1980----cs------------------slo-d
040 |a STU  |b slo 
041 0 |a slo 
044 |a cs 
080 |a 658.5(075.8) 
100 1 |a Molnár, Pavol  |4 aut 
245 1 |a Technická príprava a obsluha výroby :  |b Riadenie a projektovanie technického rozvoja /  |c [aut.]Pavol Molnár 
250 |a 1.vyd., 1.dotl. 
260 |a Bratislava :  |b SVŠT v Bratislave,  |c 1980 
300 |a 194 s 
650 7 |a výroba  |2 stusub 
650 7 |a organizácia  |2 stusub 
650 7 |a Rozvoj technický  |2 stusub 
650 7 |a riadenie a projektovanie  |2 stusub 
856 4 |a https://sweb.mtf.stuba.sk/obsahy/Technicka_priprava_a_obsluha_vyroby_80  |u https://sweb.mtf.stuba.sk/obsahy/Technicka_priprava_a_obsluha_vyroby_80  |3 OBSAH 
996 |b 284M038623  |c M*S-787-1  |l MMKN  |s A  |a 24  |w stu40488_0001